Politics of the 19. Century - Statistics

General Stats
  • This quiz has been taken 63 times
  • The average score is 11 of 15
Answer Stats
Question Answer % Correct
Country, which was affected by the Sepoy Mutiny India
100%
Drug, which caused a war between Great Britain and China Opium
100%
First Chancelor of Germany Otto van Bismarck
100%
Country, which sold Alaska to the United States Russia
100%
Year, in which Revolutions in France, Germany, Poland, Hungary and other Countries happened 1848
71%
US-President, who was responsible for the Trail of Tears Andrew Jackson
71%
Famous italian fighter for Unification Guiseppe Garibaldi
71%
Japanese Tenno, who modernized and westernized the Country and abolished the Shogunate Meiji
71%
Country, which lost up to 80% of its male population in the Triple-Alliance-War Paraguay
71%
City, which was sieged from 1854 - 1855 Sevastopol
71%
Simon Bolivar was never the President of... Argentina
57%
Conference, in which Africa was divided between European Powers Berlin Conference
57%
Napoleon never lived on this island Sardinia
57%
Austrian politician, who is one of the main architects of Restauration Clemens von Metternich
43%
This was founded in 1864 First Socialist International
43%
No matching quizzes found
Score Distribution
Percent of People with Each Score
Percentile by Number Answered
Your Score History
You have not taken this quiz